00138nam a22000617a 4500003000400000245005900004260001300063SGT aInternational Journal of Clinical Pediatric Dentistry  c201-2011